Central Library OPAC University of Rajshahi

International economics / (Record no. 58704)

MARC details
000 -LEADER
fixed length control field 00758nam a2200265 a 4500
001 - CONTROL NUMBER
control field 58704
003 - CONTROL NUMBER IDENTIFIER
rucl marc code BD-RjUL
005 - DATE AND TIME OF LATEST TRANSACTION
control field 20211209080641.0
008 - FIXED-LENGTH DATA ELEMENTS--GENERAL INFORMATION
fixed length control field 161219s1988 enka 001 0 eng d
020 ## - INTERNATIONAL STANDARD BOOK NUMBER
International Standard Book Number 0582295688
035 ## - SYSTEM CONTROL NUMBER
System control number (BD-RjUL) 58828
040 ## - CATALOGING SOURCE
Original cataloging agency BD-RjUL
Language of cataloging eng
Transcribing agency BD-RjUL
Modifying agency BD-RjUL
041 ## - LANGUAGE CODE
Language code of text/sound track or separate title eng
082 ## - DEWEY DECIMAL CLASSIFICATION NUMBER
Classification number 337
Edition number 23
Author mark and year INT 1988
245 00 - TITLE STATEMENT
Title International economics /
Statement of responsibility, etc. George Zis ... [et al.]
260 ## - PUBLICATION, DISTRIBUTION, ETC. (IMPRINT)
Place of publication, distribution, etc. London :
Name of publisher, distributor, etc. Longman,
Date of publication, distribution, etc. c1988
300 ## - PHYSICAL DESCRIPTION
Pagination ix, 332 p :
Illustrations ill. ;
Size 24 cm
490 ## - SERIES STATEMENT
Series statement Surveys in economics
500 ## - GENERAL NOTE
General note Includes index
504 ## - BIBLIOGRAPHY, ETC. NOTE
Bibliography, etc Includes bibliographies
650 #0 - SUBJECT ADDED ENTRY--TOPICAL TERM
Topical term or geographic name as entry element International economic relations
9 (RLIN) 172391
700 1# - ADDED ENTRY--PERSONAL NAME
Personal name Zis, George.
830 #0 - SERIES ADDED ENTRY--UNIFORM TITLE
Uniform title Surveys in economics
942 ## - ADDED ENTRY ELEMENTS (KOHA)
Source of classification or shelving scheme Dewey Decimal Classification
Koha item type Books
Holdings
Lost status Source of classification or shelving scheme Damaged status Not for loan Collection code Permanent Location Current Location Shelving location Date acquired Source of acquisition Cost, normal purchase price Total Checkouts Full call number Date last seen Copy number Koha item type
  Dewey Decimal Classification   Not For Loan Non-fiction Central Library, University of Rajshahi Central Library, University of Rajshahi Reading Room 24/08/1994 Zeitlinger 24.99   337 INT 1988 19/12/2016 C-1 Books